000 00676nam a2200205Ii 4500
003 JO-AjNU
008 230605s9999||||xx |||||||||||||| ||und||
040 _aJO-AjNU
_bara
_erda
_cJO-AjNU
041 _aara
050 1 4 _aDS63.6.D421 1985
100 3 _aتاليف خطاب، محمود شيت,
_eauthor
_913410
245 0 0 _aدراسات في الوحدة العسكرية العربية
250 _aط2
264 3 1 _aدمشق: دار قتيبة، 1985
300 _a229ص
336 _atext
_btxt
_2rdacontent
337 _aunmediated
_bn
_2rdamedia
338 _avolume
_bnc
_2rdacarrier
650 4 _aالعلوم العسكرية- بلاد عربية- تاريخ
_913411
999 _aA3332
_c6900
_d6900